| 000 | 00490nam a2200181Ia 4500 | ||
|---|---|---|---|
| 005 | 20250423101220.0 | ||
| 008 | 250422s9999 xx 000 0 und d | ||
| 020 | _a9781934781104 | ||
| 050 | _aPS 3601.N55588 .A58/ | ||
| 100 | _aAnthony, Jessica | ||
| 245 | 4 | _aThe convalescent | |
| 260 | _aUnited State | ||
| 260 | _bMcSweeney.s books | ||
| 260 | _c2009 | ||
| 300 | _a243 p | ||
| 650 | _a Hungarian Americans--Virginia--Fiction. Hungary--History--Fiction. | ||
| 942 | _cBK | ||
| 999 |
_c35636 _d35636 |
||